Spell the Capital of Tonga - Statistics

General Stats
  • This quiz has been taken 164 times
  • The average score is 8 of 9
Answer Stats
Capital % Correct
N
99%
u
98%
k
97%
a
93%
l
92%
u
92%
o
91%
a
90%
f
90%
No matching quizzes found
Score Distribution
Percent of People with Each Score
Percentile by Number Answered
Your Score History
You have not taken this quiz